000 01930nam a2200385 a 4500
001 BRCA_4918
005 20190320204847.0
008 201010m18751879mx-######v---#000-0#spa-#
041 _aspa
044 _amx
084 _aDOC46
_b.G67
_c1875
100 1 _aGorráez, José de
_912458
245 1 0 _aCasa de Comedias del Hospital Real
_cJosé de Gorraéz ... [et al.].
260 _aMéxico
_c1875-1879
300 _a[193] fojas
_c30 x 20 cm.
500 _aDocumento integro firmado en 10 agosto de 1875.
500 _aTomado de la portada: ´Expediente relativo a la Jurisdicción privativa que tienen los señores Oydores que turnan como Juezes en cada un año en la Casa de comedias de esta Capital, en el que se comprehenden varios abusos permitidos a ella, para cuio remedio propone lo oportuno el señor Bizentte de Herrera´.
500 _aContiene sellos con el escudo de la casa de Borbón y lema: ´SELLO QUARTO. UN CUARTILLO. AÑOS DE MIL SETECIENTOS Y SETENTA Y QUATRO Y SETENTA Y CINCO´.
500 _aEl documento contiene la leyenda DOC.# 56.
500 _aPapel con marca de agua.
500 _aEstado de conservación: contiene manchas de acidez, manchas por humedad, roturas provocadas por insectos y por fuego y finalmente márgenes deteriorados.
506 0 _aFondo Reservado. Para su consulta es necesario credencial de usuario y carta de motivos.
546 _aTexto en: español de finales del siglo XIX.
600 1 4 _aGorráez, José de
_xHistoria
_912459
650 1 4 _aDocumentos legales
_vManuscrito
_xHistoria
_912460
651 4 _aMéxico
_xHistoria
_yColonia, 1521-1821
_912461
700 1 _aHerrera, Bizentte de
_912462
700 1 _aViana, Francisco Leandro de
_912463
700 1 _aLópez Agurto, Sancho
_912464
700 1 _aZarazua, Juan José
_912465
700 1 _aZuñiga, Jorge Anastacio de
_912466
700 1 _aBarrios, Jacinto
_912467
902 _aFDH
942 _2lcc
_cD
999 _c4612
_d4612